| 000 | 00692nam a2200217Ia 4500 | ||
|---|---|---|---|
| 003 | OSt | ||
| 005 | 20220124154333.0 | ||
| 008 | 210716s2006 xx 000 0 und d | ||
| 020 | _a8131405540 | ||
| 040 | _cAIMIT LIBRARY | ||
| 041 | _aeng | ||
| 082 |
_a332.17 _21 _bBHAH |
||
| 100 |
_aBhargava, Harsh. _914591 |
||
| 245 |
_aManaging microfinance: _bcorporate approach / _cEdited by Harsh Bhargava and Rajeev Sharma |
||
| 250 | _a[1st ed.] | ||
| 260 |
_aHyderabad: _bICFAI University Press, _c2006. |
||
| 300 |
_aviii,263p. _c23cm. |
||
| 650 |
_aMicro Finance and the Empowerment of Women _914592 |
||
| 650 |
_aParadigm Shift in Rural Banking _914593 |
||
| 942 |
_2ddc _cBK _e1st _k332.17 BHAH |
||
| 999 |
_c202390 _d202390 |
||